[Event "SLO-CupT"]
[Site "Dobrna"]
[Date "2019.04.14"]
[Round "5.5"]
[White "Lazar, Ales Ml"]
[Black "Cojhter, Karl"]
[Result "1-0"]
[WhiteElo "2288"]
[BlackElo "1942"]
[PlyCount "75"]
[EventDate "2019.04.12"]
[EventType "team-swiss"]
[EventRounds "5"]
[EventCountry "SLO"]
[SourceTitle "EXT 2020"]
[Source "ChessBase"]
[SourceDate "2019.10.17"]
[SourceVersion "1"]
[SourceVersionDate "2019.10.17"]
[SourceQuality "1"]
[WhiteTeam "Radenska Pomgrad"]
[BlackTeam "Maribor ZSK"]
[WhiteTeamCountry "SLO"]
[BlackTeamCountry "SLO"]

1. e4 c6 2. d4 d5 3. exd5 cxd5 4. c4 Nf6 5. Nc3 e6 6. Nf3 Be7 7. Be2 0-0 8. 0-0 Nc6 9. Be3 dxc4 10. Bxc4 b6 11. a3 Bb7 12. Qe2 Rc8 13. Rad1 Qc7 14. Ba2 Ng4 15. d5 Nd8 16. Bd4 Bd6 17. h3 Nh2 18. Rfe1 Nxf3+ 19. Qxf3 a6 20. Ne4 Be5 21. d6 Qd7 22. Bxe5 f5 23. Qb3 fxe4 24. Qxb6 Rf5 25. Bg3 Rb5 26. Qd4 Rc2 27. Bb1 Rcxb2 28. Bxe4 Nc6 29. Qd3 R5b3 30. Bxh7+ Kh8 31. Qg6 Rxg3 32. Qxg3 Kxh7 33. Re4 Nd8 34. Rh4+ Kg8 35. Qg6 Nf7 36. Qh7+ Kf8 37. Rf4 Bd5 38. Qh8# 1-0

[Event "SLO-CupT"]
[Site "Dobrna"]
[Date "2019.04.13"]
[Round "3"]
[White "Lorger, Rastko"]
[Black "Cojhter, Karl"]
[Result "1/2-1/2"]
[WhiteElo "1919"]
[BlackElo "1942"]
[PlyCount "84"]
[EventDate "2019.04.12"]
[EventType "team-swiss"]
[EventRounds "5"]
[EventCountry "SLO"]
[SourceTitle "EXT 2020"]
[Source "ChessBase"]
[SourceDate "2019.10.17"]
[SourceVersion "1"]
[SourceVersionDate "2019.10.17"]
[SourceQuality "1"]
[WhiteTeam "Slovenske Konjice"]
[BlackTeam "Maribor ZSK"]
[WhiteTeamCountry "SLO"]
[BlackTeamCountry "SLO"]

1. d4 Nf6 2. c4 e6 3. Nc3 d5 4. Bg5 Be7 5. Nf3 0-0 6. e3 h6 7. Bh4 a6 8. c5 b6 9. b4 Nc6 10. a3 Ne4 11. Bxe7 Qxe7 12. Qc2 Bb7 13. Bd3 f5 14. 0-0 Ng5 15. Nxg5 hxg5 16. cxb6 cxb6 17. Na4 Qd8 18. Rac1 Rc8 19. Qe2 Nb8 20. Rxc8 Qxc8 21. Qc2 Qd8 22. Rc1 Rf7 23. Nb2 Qd6 24. Be2 g6 25. Nd3 Nc6 26. Ne1 g4 27. Bxa6 Nxd4 28. exd4 Bxa6 29. Nd3 Bxd3 30. Qxd3 Rc7 31. Re1 Kf7 32. g3 g5 33. Kg2 Kf6 34. f3 gxf3+ 35. Qxf3 Rc2+ 36. Re2 Qc6 37. Kf2 b5 38. Qd3 Rc3 39. Qd2 Qc7 40. Qe1 Rc6 41. Qd2 Rc3 42. Qe1 Rc6 1/2-1/2

[Event "SLO-CupT"]
[Site "Dobrna"]
[Date "2019.04.12"]
[Round "1"]
[White "Peric, Bernard"]
[Black "Cojhter, Karl"]
[Result "1/2-1/2"]
[WhiteElo "2128"]
[BlackElo "1942"]
[PlyCount "85"]
[EventDate "2019.04.12"]
[EventType "team-swiss"]
[EventRounds "5"]
[EventCountry "SLO"]
[SourceTitle "EXT 2020"]
[Source "ChessBase"]
[SourceDate "2019.10.17"]
[SourceVersion "1"]
[SourceVersionDate "2019.10.17"]
[SourceQuality "1"]
[WhiteTeam "Zagorje ob Savi"]
[BlackTeam "Maribor ZSK"]
[WhiteTeamCountry "SLO"]
[BlackTeamCountry "SLO"]

1. Nf3 Nf6 2. g3 e6 3. Bg2 d5 4. b3 c5 5. Bb2 Nc6 6. d4 cxd4 7. Nxd4 Bc5 8. 0-0 0-0 9. e3 Re8 10. c4 Bd7 11. cxd5 Nxd5 12. Nf5 Bf8 13. h4 g6 14. Nd4 Bg7 15. Nxc6 Bxc6 16. Bxg7 Kxg7 17. Qd4+ Qf6 18. Qxf6+ Kxf6 19. Nd2 a5 20. a3 Red8 21. Rac1 a4 22. Ne4+ Ke7 23. b4 Bb5 24. Rfd1 Rac8 25. Rc5 Rxc5 26. bxc5 Rc8 27. Rb1 Ba6 28. Bf1 Rc7 29. Nd6 Bxf1 30. Kxf1 Rxc5 31. Nxb7 Rc3 32. e4 Rb3 33. Rc1 Nc3 34. Nc5 Rxa3 35. e5 Nd5 36. Rb1 h6 37. Kg2 Ra2 38. Rb7+ Kf8 39. Rb8+ Kg7 40. Rb7 Kg8 41. Rb8+ Kg7 42. Rb7 Kg8 43. Rb8+ 1/2-1/2

[Event "SLO-chT2 East"]
[Site "Slovenia"]
[Date "2018.09.29"]
[Round "2"]
[White "Pecnik, Robert"]
[Black "Cojhter, Karl"]
[Result "0-1"]
[WhiteElo "1728"]
[BlackElo "1918"]
[PlyCount "78"]
[EventDate "2018.09.15"]
[EventType "team-tourn"]
[EventRounds "9"]
[EventCountry "SLO"]
[SourceTitle "EXT 2021"]
[Source "ChessBase"]
[SourceDate "2020.10.23"]
[SourceVersion "1"]
[SourceVersionDate "2020.10.23"]
[SourceQuality "1"]
[WhiteTeam "Brezice"]
[BlackTeam "Maribor ZSK III"]
[WhiteTeamCountry "SLO"]
[BlackTeamCountry "SLO"]

1. c3 c5 2. d3 d5 3. Qc2 Bf5 4. Nf3 Nf6 5. Nh4 Bd7 6. e4 e6 7. Bg5 h6 8. Bxf6 Qxf6 9. Nf3 Nc6 10. Nbd2 Bd6 11. g3 g5 12. a3 h5 13. d4 cxd4 14. Nxd4 Nxd4 15. cxd4 Qxd4 16. exd5 Qxd5 17. Ne4 Qa5+ 18. Qc3 Qxc3+ 19. bxc3 Be5 20. 0-0-0 Bc6 21. f3 g4 22. Bg2 Bxe4 23. fxe4 Rc8 24. Rd3 Rxc3+ 25. Rxc3 Bxc3 26. Kc2 Be5 27. Rb1 b6 28. Rb5 f6 29. a4 h4 30. Rb1 hxg3 31. Rg1 gxh2 32. Rf1 Ke7 33. Kd3 Rd8+ 34. Kc2 Rd4 35. a5 bxa5 36. Rb1 Rb4 37. Rxb4 axb4 38. Kb3 a5 39. Ka4 Kd6 0-1

[Event "SLO-chT2 East"]
[Site "Slovenia"]
[Date "2017.10.21"]
[Round "4"]
[White "Kramberger, Mitja"]
[Black "Cojhter, Karl"]
[Result "1-0"]
[WhiteElo "1911"]
[BlackElo "1992"]
[PlyCount "115"]
[EventDate "2017.09.30"]
[EventType "team-tourn"]
[EventRounds "9"]
[EventCountry "SLO"]
[SourceTitle "EXT 2019"]
[Source "ChessBase"]
[SourceDate "2018.10.10"]
[SourceVersion "1"]
[SourceVersionDate "2018.10.10"]
[SourceQuality "1"]

1. e4 c6 2. d4 d5 3. exd5 cxd5 4. Bd3 Nc6 5. c3 Qc7 6. h3 Nf6 7. Nf3 g6 8. 0-0 Bg7 9. Re1 0-0 10. Ne5 Nxe5 11. Rxe5 Be6 12. Re1 Rfe8 13. Qf3 a6 14. Bf4 Qd7 15. Bh2 Bf5 16. Nd2 Bxd3 17. Qxd3 Qf5 18. Qxf5 gxf5 19. f3 e6 20. a4 Bf8 21. a5 Rec8 22. Kf1 Be7 23. Ke2 Kf8 24. Kd3 Ke8 25. b4 Rc6 26. Nb3 Nd7 27. Nc5 Ra7 28. g4 fxg4 29. hxg4 Bd6 30. Bxd6 Rxd6 31. Rh1 Nf8 32. Rh6 Ke7 33. f4 e5 34. Rxd6 e4+ 35. Ke3 Kxd6 36. Rh1 Kc6 37. Rh6+ Kb5 38. Rf6 Kc4 39. f5 Kxc3 40. Rxf7 Ra8 41. Rxb7 Kc4 42. g5 Kc3 43. Rb6 Ra7 44. b5 axb5 45. Rxb5 Kc4 46. Rb8 Rxa5 47. Rxf8 Ra3+ 48. Kf4 Rf3+ 49. Kg4 Kxd4 50. Nd7 Rf1 51. f6 e3 52. Re8 Kd3 53. Ne5+ Ke2 54. f7 Rxf7 55. Nxf7 d4 56. Ne5 Kf2 57. Nd3+ Ke2 58. Nf4+ 1-0

[Event "SLO-chT2 East"]
[Site "Slovenia"]
[Date "2017.10.15"]
[Round "2"]
[White "Kovac, Mihec"]
[Black "Cojhter, Karl"]
[Result "0-1"]
[WhiteElo "1768"]
[BlackElo "1992"]
[PlyCount "44"]
[EventDate "2017.09.30"]
[EventType "team-tourn"]
[EventRounds "9"]
[EventCountry "SLO"]
[SourceTitle "EXT 2019"]
[Source "ChessBase"]
[SourceDate "2018.10.10"]
[SourceVersion "1"]
[SourceVersionDate "2018.10.10"]
[SourceQuality "1"]

1. e4 c6 2. Nf3 d5 3. exd5 cxd5 4. d4 Nc6 5. h3 Nf6 6. Bf4 e6 7. c3 Bd6 8. Bxd6 Qxd6 9. Bd3 0-0 10. 0-0 Rb8 11. Re1 b5 12. Ne5 b4 13. Nd2 bxc3 14. bxc3 Bd7 15. Nb3 Rfc8 16. Re3 Be8 17. Ng4 Nd7 18. Qd2 Ne7 19. Ne5 Nxe5 20. Rxe5 Ng6 21. Bxg6 hxg6 22. Nc5 Rxc5 0-1

[Event "SLO-chT2 East"]
[Site "Slovenia"]
[Date "2017.09.30"]
[Round "1"]
[White "Muzlovic, Anastazij"]
[Black "Cojhter, Karl"]
[Result "0-1"]
[WhiteElo "1753"]
[BlackElo "1992"]
[PlyCount "78"]
[EventDate "2017.09.30"]
[EventType "team-tourn"]
[EventRounds "9"]
[EventCountry "SLO"]
[SourceTitle "EXT 2019"]
[Source "ChessBase"]
[SourceDate "2018.10.10"]
[SourceVersion "1"]
[SourceVersionDate "2018.10.10"]
[SourceQuality "1"]

1. Nf3 c5 2. c4 Nc6 3. Nc3 g6 4. e3 Bg7 5. d4 cxd4 6. Nxd4 Nf6 7. Be2 0-0 8. 0-0 d6 9. Nxc6 bxc6 10. Bf3 Qc7 11. Rb1 Nd7 12. Bd2 Ne5 13. Be2 Be6 14. b3 d5 15. cxd5 cxd5 16. Nb5 Qb6 17. Nd4 Bd7 18. Qe1 Nc6 19. Nxc6 Bxc6 20. Ba5 Qb7 21. Bf3 e5 22. Qd2 d4 23. Bxc6 Qxc6 24. Rbc1 Qb5 25. exd4 exd4 26. Rfd1 Rfe8 27. Re1 h5 28. Rcd1 Re5 29. Bc7 Rc5 30. Rc1 Rc8 31. Rxc5 Qxc5 32. Rc1 Qf5 33. h4 Kh7 34. Rc4 Re8 35. Bf4 Qg4 36. f3 Qxh4 37. g3 Qd8 38. Rc6 Qd5 39. Rc2 Qxf3 0-1

[Event "Maribor Pirc Memorial op 20th"]
[Site "Maribor"]
[Date "2017.06.30"]
[Round "7"]
[White "Beliavsky, Alexander G"]
[Black "Cojhter, Karl"]
[Result "1-0"]
[WhiteElo "2589"]
[BlackElo "2001"]
[PlyCount "35"]
[EventDate "2017.06.24"]
[EventType "swiss"]
[EventRounds "9"]
[EventCountry "SLO"]
[SourceTitle "CBM 179 Extra"]
[Source "ChessBase"]
[SourceDate "2017.08.23"]
[SourceVersion "1"]
[SourceVersionDate "2017.08.23"]
[SourceQuality "1"]

1. d4 b5 2. e4 Bb7 3. Nd2 a6 4. Ngf3 e6 5. Bd3 c5 6. c3 d6 7. 0-0 Nd7 8. Re1 Ne7 9. Nf1 Ng6 10. a4 Bc6 11. d5 Bb7 12. axb5 axb5 13. Rxa8 Qxa8 14. Bxb5 Be7 15. c4 Kd8 16. dxe6 fxe6 17. Ng5 Bxg5 18. Qxd6 1-0

[Event "Maribor Pirc Memorial op 20th"]
[Site "Maribor"]
[Date "2017.06.27"]
[Round "4"]
[White "Cojhter, Karl"]
[Black "Pozun, Matej"]
[Result "0-1"]
[WhiteElo "2001"]
[BlackElo "2045"]
[PlyCount "52"]
[EventDate "2017.06.24"]
[EventType "swiss"]
[EventRounds "9"]
[EventCountry "SLO"]
[SourceTitle "CBM 179 Extra"]
[Source "ChessBase"]
[SourceDate "2017.08.23"]
[SourceVersion "1"]
[SourceVersionDate "2017.08.23"]
[SourceQuality "1"]

1. e4 c5 2. Nf3 Nc6 3. c3 Nf6 4. e5 Nd5 5. d4 cxd4 6. cxd4 d6 7. Nc3 dxe5 8. dxe5 Nxc3 9. Qxd8+ Nxd8 10. bxc3 Bd7 11. Rb1 g6 12. Nd4 Bg7 13. f4 0-0 14. Ba3 Re8 15. Bb5 Bxb5 16. Rxb5 Rc8 17. Rc5 Rxc5 18. Bxc5 b6 19. Bb4 f6 20. exf6 exf6+ 21. Kd2 f5 22. Re1 Rxe1 23. Kxe1 Bxd4 24. cxd4 Ne6 25. d5 Nxf4 26. d6 Nd3+ 0-1

[Event "SLO-chT1 East"]
[Site "Slovenia"]
[Date "2016.09.23"]
[Round "1"]
[White "Cojhter, Karl"]
[Black "Petauer, Janez"]
[Result "0-1"]
[WhiteElo "2049"]
[BlackElo "1865"]
[PlyCount "106"]
[EventDate "2016.09.23"]
[EventType "team-tourn"]
[EventRounds "9"]
[EventCountry "SLO"]
[SourceTitle "EXT 2019"]
[Source "ChessBase"]
[SourceDate "2018.10.10"]
[SourceVersion "1"]
[SourceVersionDate "2018.10.10"]
[SourceQuality "1"]
[WhiteTeam "Maribor ZSK II"]
[BlackTeam "Celjski"]
[WhiteTeamCountry "SLO"]
[BlackTeamCountry "SLO"]

1. e4 c5 2. c3 d5 3. exd5 Qxd5 4. d4 Nf6 5. Nf3 Nc6 6. dxc5 Qxd1+ 7. Kxd1 e5 8. b4 e4 9. Nd4 Bg4+ 10. Kc2 Nxd4+ 11. cxd4 0-0-0 12. Be3 Nd5 13. a3 Be7 14. Bc4 f5 15. Nc3 Nxe3+ 16. fxe3 f4 17. Nd5 Bg5 18. exf4 Bh4 19. g3 Bf6 20. Kc3 Rxd5 21. Bxd5 Rd8 22. Bxe4 Rxd4 23. Bxh7 Rd1+ 24. Kc4 Be2+ 25. Kb3 Rxa1 26. Rxa1 Bxa1 27. Kc2 Bd4 28. Bd3 Bg4 29. Bf1 Bf5+ 30. Kd2 Bd7 31. h3 Bb2 32. g4 Bxa3 33. Kc3 Bc1 34. f5 Bg5 35. b5 Kc7 36. Kd4 Be8 37. Bc4 Bf6+ 38. Ke4 b6 39. c6 a6 40. bxa6 Bxc6+ 41. Kf4 b5 42. Bb3 Kd6 43. g5 Bc3 44. h4 Bd2+ 45. Kg4 Ke5 46. h5 Be3 47. Bd1 Be4 48. f6 gxf6 49. g6 f5+ 50. Kg3 Kf6 51. Kh4 b4 52. Kg3 Bd3 53. Kf3 Bd4 0-1

[Event "Ptuj op"]
[Site "Ptuj"]
[Date "2015.08.10"]
[Round "8"]
[White "Cojhter, Karl"]
[Black "Zupancic, Urban"]
[Result "1-0"]
[WhiteElo "2049"]
[BlackElo "1908"]
[PlyCount "99"]
[EventDate "2015.08.03"]
[EventType "swiss"]
[EventRounds "9"]
[EventCountry "SLO"]
[SourceTitle "CBM 167 Extra"]
[Source "ChessBase"]
[SourceDate "2015.09.14"]
[SourceVersion "1"]
[SourceVersionDate "2015.09.14"]
[SourceQuality "1"]

1. e4 c5 2. c3 e6 3. d4 d5 4. exd5 exd5 5. Nf3 Nc6 6. Be3 cxd4 7. Nxd4 Bd6 8. Bd3 Nge7 9. 0-0 0-0 10. Qh5 Ng6 11. Nxc6 bxc6 12. Nd2 f5 13. Nf3 Nf4 14. Bxf4 Bxf4 15. Nd4 Qf6 16. Rfe1 Bd7 17. Rad1 g6 18. Qf3 Bc7 19. Bc2 Rae8 20. b4 Qd6 21. Qg3 Rxe1+ 22. Rxe1 Qxg3 23. hxg3 Re8 24. Rd1 Be5 25. Ba4 Bxd4 26. Rxd4 Re1+ 27. Kh2 Rc1 28. b5 Rxc3 29. Bb3 cxb5 30. Rxd5 Be6 31. Rd8+ Kf7 32. Rd7+ Ke8 33. Bxe6 Rc6 34. Bxf5 gxf5 35. Rxa7 Rh6+ 36. Kg1 b4 37. f3 Kd8 38. Rb7 Ra6 39. Rxb4 Rxa2 40. Rb5 Ke7 41. Rxf5 Ke6 42. g4 Rb2 43. Kh2 Rc2 44. Kg3 Rb2 45. Rh5 Rb7 46. Rh6+ Ke5 47. Ra6 Rb1 48. f4+ Kd5 49. g5 Rg1 50. Rh6 1-0

[Event "SLO-chT2 East"]
[Site "Slovenia"]
[Date "2014.11.16"]
[Round "9"]
[White "Cojhter, Karl"]
[Black "Habjanic, Avgust"]
[Result "1/2-1/2"]
[WhiteElo "2062"]
[BlackElo "2021"]
[PlyCount "63"]
[EventDate "2014.09.13"]
[EventType "team-tourn"]
[EventRounds "9"]
[EventCountry "SLO"]
[SourceTitle "EXT 2019"]
[Source "ChessBase"]
[SourceDate "2018.10.10"]
[SourceVersion "1"]
[SourceVersionDate "2018.10.10"]
[SourceQuality "1"]
[WhiteTeam "Maribor ZSK III"]
[BlackTeam "Maribor Gambit"]
[WhiteTeamCountry "SLO"]
[BlackTeamCountry "SLO"]

1. e4 e6 2. d4 d5 3. Nc3 Nf6 4. Bg5 Be7 5. e5 Nfd7 6. Bxe7 Qxe7 7. f4 a6 8. Nf3 c5 9. dxc5 Qxc5 10. Bd3 Qe3+ 11. Ne2 Nc5 12. Qd2 Nxd3+ 13. cxd3 Qb6 14. Ned4 Nc6 15. Qf2 Qb4+ 16. Kf1 Bd7 17. g3 Nxd4 18. Qxd4 Qxd4 19. Nxd4 Rc8 20. Kf2 Ke7 21. Rac1 Rxc1 22. Rxc1 Rc8 23. Rf1 h5 24. Ke3 g6 25. h3 b6 26. Kd2 a5 27. a3 Rc7 28. Rb1 b5 29. g4 hxg4 30. hxg4 Rc8 31. Nb3 a4 32. Nd4 1/2-1/2

[Event "Ptuj op"]
[Site "Ptuj"]
[Date "2014.08.18"]
[Round "5"]
[White "Cojhter, Karl"]
[Black "Brinovec, David"]
[Result "1-0"]
[WhiteElo "2062"]
[BlackElo "1927"]
[PlyCount "35"]
[EventDate "2014.08.15"]
[EventType "swiss"]
[EventRounds "9"]
[EventCountry "SLO"]
[SourceTitle "CBM 161 Extra"]
[Source "ChessBase"]
[SourceDate "2014.08.29"]
[SourceVersion "1"]
[SourceVersionDate "2014.08.29"]
[SourceQuality "1"]

1. e4 e5 2. Nf3 Nc6 3. Bc4 Nf6 4. d3 h6 5. c3 Bc5 6. b4 Bd6 7. Nbd2 0-0 8. Bb3 a5 9. b5 Na7 10. a4 c6 11. Nc4 Bc7 12. Ba3 Re8 13. b6 Bxb6 14. Nd6 Re7 15. Nxe5 Kh7 16. Nexf7 Qf8 17. Qf3 Ng8 18. Ng5+ 1-0

[Event "SLO-chT1 East"]
[Site "Sentjur"]
[Date "2013.10.17"]
[Round "1"]
[White "Cojhter, Karl"]
[Black "Krnjovsek, Andrej"]
[Result "1/2-1/2"]
[WhiteElo "2054"]
[BlackElo "1998"]
[PlyCount "47"]
[EventDate "2013.10.17"]
[EventType "team-tourn"]
[EventRounds "9"]
[EventCountry "SLO"]
[SourceTitle "EXT 2015"]
[Source "ChessBase"]
[SourceDate "2014.11.20"]
[SourceVersion "1"]
[SourceVersionDate "2014.11.20"]
[SourceQuality "1"]

1. e4 e5 2. Nf3 Nc6 3. d4 exd4 4. Nxd4 Bc5 5. Nxc6 Qf6 6. Qf3 Qxf3 7. gxf3 dxc6 8. Bf4 Bd6 9. Bg3 Be6 10. Nd2 0-0-0 11. Bc4 Ne7 12. 0-0-0 Ng6 13. Rhg1 Rd7 14. Bxe6 fxe6 15. Nc4 Rhd8 16. h4 Bf4+ 17. Ne3 h5 18. Rxd7 Rxd7 19. Bh2 Bxe3+ 20. fxe3 Nxh4 21. Rg3 g5 22. Rxg5 Nxf3 23. Rg2 Nxh2 24. Rxh2 1/2-1/2